000 00956cam a2200289 i 4500
001 7226
003 BD-RjUL
005 20211208234401.0
008 140113s1980 nyua b 000 0 eng
020 _a0123194504
035 _a(BD-RjUL)7268
040 _aDLC
_cDLC
_dDLC
_dBD-RjUL
_beng
041 _aeng
082 0 0 _a512.2
_219
_bSEM 1980
245 1 0 _aSemigroups /
_cedited by T. E. Hall, P. R. Jones, G. B. Preston.
260 _aNew York :
_bAcademic Press,
_cc1980.
300 _ax, 255 p. :
_bill. ;
_c24 cm.
500 _a"Proceedings of the Monash University Conference on Semigroups, held at the Monash University, Clayton, Victoria, Australia, October 1979."
504 _aIncludes bibliographical references.
650 0 _aSemigroups.
_921246
700 1 _aHall, T. E.
_q(Thomas Eric)
_922603
700 1 _aJones, P. R.
_922604
700 1 _aPreston, G. B.
_922605
942 _2ddc
_cBK
999 _c7226
_d7226